Automatic sprinkler systems handbook
Guardado en:
| 企業作者: | |
|---|---|
| 其他作者: | |
| 格式: | 圖書 |
| 出版: |
Quincy, Mass. : National Fire Protection Association
1997
|
| 版: | 7 Edition |
| 主題: | |
| 標簽: |
添加標簽
沒有標簽, 成為第一個標記此記錄!
|
MARC
| LEADER | 00000nam a2200000Ia 4500 | ||
|---|---|---|---|
| 003 | 000059 | ||
| 005 | 20221231143955.0 | ||
| 008 | 140114s1997 M a 000 ||E d | ||
| 040 | |c cru CEDI | ||
| 082 | |a 628.925.2 A939a | ||
| 110 | |9 18730 |a National Fire Protection Association (Estados Unidos) | ||
| 245 | |a Automatic sprinkler systems handbook | ||
| 250 | |a 7 Edition | ||
| 260 | |a Quincy, Mass. : National Fire Protection Association |c 1997 | ||
| 300 | |a xxii, 933 p. : ilustraciones | ||
| 500 | |a Contine: Texto completo de NFPA 13, Estándar para la instalación de sistemas de rociadores, edición de 1996; NFPA 13D, Estándar para la instalación de sistemas de rociadores en viviendas de una y dos familias y casas prefabricadas, edición de 1996; NFPA 13R, Estándar para la instalación de sistemas de rociadores en residencias residenciales de hasta cuatro pisos de altura, edición de 1996 . | ||
| 650 | |x ASPERSORES PARA INCENDIOS - NORMAS - ESTADOS UNIDOS |x INCENDIOS - MEDIDAS DE SEGURIDAD |x INCENDIOS - PREVENCION |9 18749 | ||
| 700 | |9 18748 |a Puchovsky, Milosh T. | ||
| 942 | |2 ddc |c BK | ||
| 999 | |c 15029 |d 15029 | ||
